Formula 1 Circuits by Picture #1 - Statistics

General Stats
  • This quiz has been taken 60 times
  • The average score is 10 of 12
Answer Stats
Picture Answer % Correct
Monaco GP
98%
Japan (Suzuka)
94%
Austria (Red Bull Ring)
86%
Spain (Barcelona)
86%
England (Silverstone)
84%
Hungary (Hungaroring)
84%
Las Vegas GP
84%
Saudi Arabia (Jeddah)
82%
Qatar (Lusail)
78%
Mexico GP
76%
Australia (Melbourne)
75%
Netherlands (Zandvoort)
73%
No matching quizzes found
Score Distribution
Percent of People with Each Score
Percentile by Number Answered
Your Score History
You have not taken this quiz